La naturaleza de lo psíquico. /
Guardado en:
| Autor Principal: | |
|---|---|
| Formato: | Libro |
| Idioma: | Spanish |
| Publicado: |
Buenos Aires :
Paidós,
1961.
|
| Etiquetas: |
Agregar Etiqueta
Sin Etiquetas, Sea el primero en etiquetar este registro!
|
| LEADER | 00430nam a22001455a 4500 | ||
|---|---|---|---|
| 001 | EUN.um006109 | ||
| 003 | AR-BaUNS | ||
| 005 | 20050623122852.0 | ||
| 008 | 041125s1961####ag############000#0#spa#d | ||
| 245 | 1 | 3 | |a La naturaleza de lo psíquico. / |c François Grégoire. |
| 260 | |a Buenos Aires : |b Paidós, |c 1961. | ||
| 300 | |a 150 p. | ||
| 100 | 1 | |a Grégoire, François. | |
| 082 | 0 | 4 | |a 194.04 |
| 859 | |a Ar-BaUNS |b BIB. CENTRAL - Sector C |h 194.04 |i G861 |p 701/962 | ||
